000 01252nam0a2200289 4500
001 RU\NLR\bibl\1116270
005 20260407164756.0
021 _aRU
_b2007-43248
_92313
021 _aRU
_b2007-67022
_93595
035 _a(NLR Aleph) 001103275
090 _a1191784
_c1191784
100 _a20070809d2007 |||y0rusy50 ca
101 0 _arus
102 _aRU
105 _aa |||||||||
200 1 _aКабели и провода
_eразработка, производство и продажа кабельно-проводниковой продукции
_eкаталог продукции
_fСевкабель Холдинг
210 _aСанкт-Петербург
_cСевкабель Холдинг
_d2007
215 _a280 с.
_cил.
_d28
606 1 _aКабели
_jКаталоги
_91309263
_3RU\NLR\auth\66226255
606 1 _aЭлектрические провода
_jКаталоги
_91175471
_3RU\NLR\auth\66154639
686 _aЗ232.3я87
711 0 2 _a"Севкабель-Холдинг", открытое акционерное общество
_cСанкт-Петербург
_3RU\NLR\AUTH\8810104116
_9708640
801 0 _aRU
_bNLR
_c20070809
_gRCR
801 1 _aRU
_bNLR
_c20070809
942 _cBOOK
980 _aNB